| 000 | 00491nam a22001817a 4500 | ||
|---|---|---|---|
| 999 |
_c524507 _d524507 |
||
| 003 | NUST | ||
| 005 | 20190621110718.0 | ||
| 038 | _aFaiza | ||
| 082 |
_a891.49109 _bNAZ |
||
| 100 |
_aNazim, Bashir Hussain _915320 |
||
| 245 |
_aPunjabi Akhan / _cBashir Hussain Nazam |
||
| 260 |
_aSahd Publications : _bGujranwala, _c1994. |
||
| 300 | _a522p. : | ||
| 500 | _aHard Cover | ||
| 880 |
_6100-01/r _aبشیر حسین ناظم |
||
| 880 |
_6245-02\r _aپنجابی آکھان / |
||
| 942 |
_2ddc _cBK |
||